Kreativita v rozvoji Liptovského regiónu cestovného ruchu

Teoretické východiská kreativity. Kreatívna ekonomika, kreatívny priemysel, kreatívne odvetvie a kreatívna trieda. Analýza kreatívneho potenciálu v Liptovskom regióne cestovného ruchu. Charakteristika Liptovského regiónu. Kreativita v Liptovskom regióne cestovného ruchu z hľadiska ponuky a dopytu. M...

Descrizione completa

Salvato in:
Dettagli Bibliografici
Autore principale: Marčeková, Radka
Altri autori: Zuskinová, Martina
Natura: Capitolo di libro
Lingua:slovacco
Soggetti:
Tags: Aggiungi Tag
Nessun Tag, puoi essere il primo ad aggiungerne!!

MARC

LEADER 00000naa a2200000 4500
001 0178547
005 20231016074551.5
041 0 |a slo 
044 |a SK 
245 1 0 |a Kreativita v rozvoji Liptovského regiónu cestovného ruchu  |c Radka Marčeková, Martina Zuskinová 
520 |a Teoretické východiská kreativity. Kreatívna ekonomika, kreatívny priemysel, kreatívne odvetvie a kreatívna trieda. Analýza kreatívneho potenciálu v Liptovskom regióne cestovného ruchu. Charakteristika Liptovského regiónu. Kreativita v Liptovskom regióne cestovného ruchu z hľadiska ponuky a dopytu. Možnosti uplatnenia kreativity v Liptovskom regióne cestovného ruchu. 
610 2 0 |a ruch cestovný kreatívny 
610 2 0 |a regióny 
610 2 0 |a kreativita 
610 2 0 |a ekonomika kreatívna 
610 2 0 |a priemysel kreatívny 
610 2 0 |a ponuka 
610 2 0 |a dopyt 
610 2 0 |a služby 
610 2 0 |a produkty 
610 2 0 |a remeslá 
610 2 0 |a kultúra 
100 1 |a Marčeková, Radka 
700 1 |a Zuskinová, Martina